| 000 | 00470nam a2200169 a 4500 | ||
|---|---|---|---|
| 001 | 0000-8541 | ||
| 003 | ELIB.Books | ||
| 008 | 110520 1905 | ||
| 035 | _a(ELIB.Books)0000-8686 | ||
| 082 |
_a204 _bHal |
||
| 100 | _aHall, Charles Cuthbert | ||
| 245 | _aThe Universal Elements of the Christian Religion | ||
| 260 |
_bEdinburgh: Fleming H. Revell Company _c1905 |
||
| 650 | _aChristian Religion | ||
| 942 |
_2ddc _cBK |
||
| 998 |
_cbat _e2011-05-20 |
||
| 999 |
_c8541 _d8541 |
||